000 00680nam a2200289Ia 4500
005 20260324115232.0
008 008 260324s9999 xx 000 0 eng d
020 _a9781351183666
037 _aEBOOK
040 _aCRL
040 _beng
040 _cCRL
041 _2eng
041 _aeng
084 _qCRL
100 _aJohn Trudinger; Karlheinz Spitz
_91153887
245 0 _aMining and the Environment
245 0 _bFrom Ore to Metal
260 _bTaylor and Francis
260 _c2019
365 _a
365 _b400
856 _uhttp://www.taylorfrancis.com/books/9781351183666
942 _cEBOOK
999 _c1744614
_d1744614